Statistics for Complete List of Holy Roman Emperors

Click here to take the quiz!

General Stats

  • This quiz has been taken 49 times
  • The average score is 36 of 59

Answer Stats

Years RuledAnswer% Correct
800-814Charlemagne
98%
875-877Charles II
98%
881-887Charles III
98%
1346-1378Charles IV
98%
1519-1556Charles V
98%
1711-1740Charles VI
98%
1742-1745Charles VII
98%
919-936Henry I
88%
1014-1024Henry II
88%
1046-1056Henry III
88%
1084-1105Henry IV
88%
1111-1125Henry V
88%
1191-1197Henry VI
88%
1308-1313Henry VII
88%
814-833, 834-840Louis I
86%
855-875Louis II
86%
901-905Louis III
86%
1314-1346Louis IV
86%
1745-1765Francis I
83%
1792-1806Francis II
83%
1155-1190Frederick I
79%
1211-1250Frederick II
79%
1440-1493Frederick III
79%
973-983Otto II
79%
996-1002Otto III
79%
1209-1215Otto IV
79%
962-973Otto I
74%
1556-1564Ferdinand I
71%
1619-1637Ferdinand II
71%
1637-1657Ferdinand III
71%
1705-1711Joseph I
71%
1765-1790Joseph II
71%
1273-1291Rudolf I
67%
1576-1612Rudolf II
67%
1658-1705Leopold I
64%
1790-1792Leopold II
64%
1493-1519Maximillian I
64%
1564-1576Maximillian II
64%
1612-1619Matthias
55%
1298-1308Albert I
52%
1438-1439Albert II
52%
1027-1039Conrad II
45%
1138-1152Conrad III
45%
1250-1254Conrad IV
45%
833-834, 840-855Lothar I
40%
1133-1137Lothar II
40%
1378-1400Wenceslaus
14%
1400-1410Rupert III
10%
1257-1275Alfonso X
7%
896Arnulf of Carinthia
7%
1257-1272Richard of Cornwall
7%
1292-1298Adolf of Nassau
5%
1056-1068Agnes
5%
891-894Guy of Spoleto
5%
1198-1208Phillip of Swabia
5%
911-924Berengar of Friuli
2%
894-896, 896-898Lambert of Spoleto
2%
1433-1437Sigismund of Luxembourg
2%
1247-1256William of Holland
2%

Score Distribution

Percentile by Number Answered

Percent of People with Each Score

Your Score History

You have not taken this quiz